| 000 | 01492nab a22002057i 4500 | ||
|---|---|---|---|
| 001 | 768714001 | ||
| 003 | CO-MdFUSB | ||
| 005 | 20240506110354.0 | ||
| 008 | 240502t1965 sp ||||| |||| 00| 0 spa d | ||
| 040 |
_bspa _cCO-MdFUSB _dCO-MdFUSB |
||
| 041 | _aspa | ||
| 100 |
_aHoutart, François, _eautor |
||
| 245 | 3 |
_aLa iglesia latino-americana y el desarrollo de la investigación socio-religiosa _c/ François Houtart |
|
| 520 | _aLa iglesia en América Latina dio suma importancia a la investigación socio-religiosa. Los centros están organizados en cinco países: México, Colombia, Chile, Argentina y Brasil; aunque también se hicieron trabajos importantes en otros países. América Latina es el primer continente en establecer una secretaría regional de la Federación Internacional de Institutos de Investigación Socio-Religiosa (FERES), con sede en Bogotá, con su propio órgano de medios. También es el único continente donde se han realizado varios estudios globales 2. Podemos preguntarnos: ¿por qué? ¿Qué factores contribuyeron a esta situación? ¿Qué espera la Iglesia de ella y en qué sentido utiliza semejante herramienta de conocimiento de la lengua latina? | ||
| 650 | 7 |
_aIglesia _9655 |
|
| 650 | 7 |
_aReligiones _9386 |
|
| 773 | 0 |
_049450 _982567 _oR2499 _tRevista internacional de teología Concilium _w(CO-MdFUSB)8 _x0210-1041 _gNúmero 9, (noviembre, 1965), páginas: 143 - 147 _qpágina: 143 |
|
| 942 | _cANA | ||
| 945 | _aCatherine Arias Álvarez practicante SENA | ||
| 999 |
_c69469 _d69469 |
||